Management and challenges of change. (Record no. 344940)

000 -LEADER
fixed length control field 00536 a2200157 4500
020 ## - INTERNATIONAL STANDARD BOOK NUMBER
International Standard Book Number 8171321518
020 ## - INTERNATIONAL STANDARD BOOK NUMBER
International Standard Book Number 9788171321513
090 ## - LOCALLY ASSIGNED LC-TYPE CALL NUMBER (OCLC); LOCAL CALL NUMBER (RLIN)
-- 2443
-- 2443
245 00 - TITLE STATEMENT
Title Management and challenges of change.
260 ## - PUBLICATION, DISTRIBUTION, ETC.
Place of publication, distribution, etc. [S.l.] :
Name of publisher, distributor, etc. Pointer Publishers,
Date of publication, distribution, etc. 1998.
300 ## - PHYSICAL DESCRIPTION
Extent 1 v. (unpaged)
500 ## - GENERAL NOTE
General note Hardcover.
856 40 - ELECTRONIC LOCATION AND ACCESS
Materials specified Amazon.com
Uniform Resource Identifier <a href="http://www.amazon.com/exec/obidos/ASIN/8171321518/chopaconline-20">http://www.amazon.com/exec/obidos/ASIN/8171321518/chopaconline-20</a>
856 40 - ELECTRONIC LOCATION AND ACCESS
Materials specified Amazon customer reviews
Uniform Resource Identifier <a href="http://www.chopac.org/cgi-bin/tools/azrev.pl?q=8171321518">http://www.chopac.org/cgi-bin/tools/azrev.pl?q=8171321518</a>
942 ## - ADDED ENTRY ELEMENTS (KOHA)
Institution code [OBSOLETE] NBS
Koha item type Book
Call number prefix 658.0096 MAN
Holdings
Withdrawn status Lost status Damaged status Not for loan Permanent Location Current Location Date acquired Total Checkouts Full call number Barcode Date last seen Price effective from Koha item type
        Central Library (CL) Central Library (CL) 08/28/2013   658.0096 MAN NBS2964 08/28/2013 08/28/2013 Book
        Central Library (CL) Central Library (CL) 08/28/2013   658.0096 MAN NBS2965 08/28/2013 08/28/2013 Book
© 2023 Central Library, National University of Sciences and Technology. All Rights Reserved.